Biblioteca y Centro de Documentación

Statistical journal of the United Nations Economic Commission for Europe (Registro nro. 25374)

Detalles MARC
000 -CABECERA
Longitud fija campo de control 01335nas a2200325 c 4500
001 - NÚMERO DE CONTROL
Número de control 25374
003 - IDENTIFICADOR DE NÚMERO DE CONTROL
Identificador del número de control ES-MaCES
005 - FECHA Y HORA DE LA ÚLTIMA TRANSACCIÓN
Fecha y hora de la última transacción 20250404094241.0
008 - CAMPO FIJO DE DESCRIPCIÓN FIJA--INFORMACIÓN GENERAL
Códigos de información de longitud fija   940527d1900 ne q| | 0eng d
022 1# - ISSN (INTERNATIONAL STANDARD SERIAL NUMBER)
Número Internacional Normalizado para Publicaciones Seriadas 0167-8000
035 ## - NÚMERO DE CONTROL DEL SISTEMA
Número de control del sistema CES19980003553p
Número de control cancelado;no válido 10364
040 ## - FUENTE DE CATALOGACIÓN
Centro catalogador de origen ES-MaCES
Lengua de catalogación spa
Centro transcriptor ES-MaCES
245 00 - MENCIÓN DE TÍTULO
Título Statistical journal of the United Nations Economic Commission for Europe
260 ## - PUBLICACIÓN, DISTRIBUCIÓN, ETC (PIE DE IMPRENTA)
Lugar de publicación, distribución, etc. Amsterdam [etc.]
Nombre del editor, distribuidor, etc. IOS Press
300 ## - DESCRIPCIÓN FÍSICA
Extensión v.
Dimensiones 26 cm
310 ## - PERIODICIDAD ACTUAL DE LA PUBLICACIÓN
Periodicidad actual Trimestral
500 ## - NOTA GENERAL
Nota general Descripción basada en: v. 11, 1994, no. 1
541 ## - NOTA DE LA FUENTE INMEDIANTE DE ADQUISICIÓN
Forma de adquisición Compra
650 #4 - ASIENTO SECUNDARIO DE MATERIA--TÉRMINO DE MATERIA
Término de materia o nombre geográfico como elemento inicial método estadístico
9 (RLIN) 29536
653 10 - TÉRMINO DE INDEXACIÓN--NO CONTROLADO
Término no controlado Ciencias Sociales-Políticas
710 2# - ENCABEZAMIENTO SECUNDARIO--NOMBRE CORPORATIVO
Nombre de entidad o nombre de jurisdicción como elemento inicial Naciones Unidas
Unidad subordinada Comisión Económica para Europa
9 (RLIN) 4575
785 00 - ENTRADA POSTERIOR
Título Statistical journal of the IAOS : journal of the International Association for Official Statistics
Número de control del registro relacionado (ES-MaCES)26017
853 21 - LEYENDAS Y PATRÓN--UNIDAD BIBLIOGRÁFICA BÁSICA
Primer nivel de enumeración vol.
Segundo nivel de enumeración no.
Primer nivel de cronología año
Continuidad en la numeración r
Frecuencia q
856 ## - ACCESO ELECTRÓNICO
Identificador Uniforme del Recurso (URI) https://content.iospress.com/journals/statistical-journal-of-the-united-nations-economic-commission-for-europe/23/4#
Texto del enlace texto completo desde vol. 1, n. 1 (1982)
Nota pública Acceso para usuarios registrados, algunos artículos en acceso abierto
866 #0 - FUENTES TEXTUALES--UNIDAD BIBLIOGRÁFICA BÁSICA
Holdings textuales 1994-2006.
Nota pública Ubicación: DEPÓSITO - 10364
905 ## - CES. DATOS REVISTA
Boletín de sumarios (Sirtex 591$a) Boletín D
Kardex
Proceso +
942 ## - ELEMENTOS KOHA
Fuente de clasificaión o esquema Clasificación propia del CES
Koha [por defecto] tipo de item Periódicas
Parte de clasificación Ciencias Sociales Politicas Empresariale
Existencias
Serie de enumeración ; cronología Número de registro Préstamos totales Tipo de item de Koha
V. 11, n. 1 (1994) 004785   Periódicas
V. 11, n. 2 (1994) 006025   Periódicas
V. 11, n. 3 (1994) 007484   Periódicas
V. 11, n. 4 (1994) 010030   Periódicas
V. 12, n. 1 (1995) 010985   Periódicas
V. 12, n. 2 (1995) 011894   Periódicas
V. 12, n. 3-4 (1995) 014378   Periódicas
V. 13, n. 1 (1996) 015367   Periódicas
V. 13, n. 2 (1996) 017063   Periódicas
V. 13, n. 3 (1996) 018124   Periódicas
V. 14, n. 4 (1996) 019547   Periódicas
V. 14, n. 1 (1997) 020858   Periódicas
V. 14, n. 2 (1997) 022030   Periódicas
V. 14, n. 3 (1997) 024365   Periódicas
V. 14, n. 4 (1997) 024813   Periódicas
V. 15, n. 1 (1998) 026948   Periódicas
V. 15, n. 2 (1998) 028110   Periódicas
V. 15, n. 3-4 (1998) 029450   Periódicas
vol. 16, no. 1 (1999) 032415   Periódicas
vol. 16, no. 2-3 (1999) 032416   Periódicas
vol. 16, no. 4 (1999) 034479   Periódicas
vol. 17, no. 1 (2000) 037451   Periódicas
vol. 17, no. 2 (2000) 040284   Periódicas
vol. 17, no. 3, 4 (2000) 043171   Periódicas
vol. 18, no. 1 (2001) 044103   Periódicas
vol. 18, no. 2-3 (2001) 045180   Periódicas
vol. 18, no. 4 (2001) 045925   Periódicas
vol. 19, no. 1-2 (2002) 049857   Periódicas
vol. 19, no. 3 (2002) 050657   Periódicas
vol. 19, no. 4 (2002) 052174   Periódicas
vol. 20, no. 1 (2003) 054613   Periódicas
vol. 20, no. 2 (2003) 055607   Periódicas
vol. 20, no. 3-4 (2003) 057865   Periódicas
vol. 21, no. 1 (2004) 059404   Periódicas
vol. 21, no. 2 (2004) 060939   Periódicas
vol. 21, no. 3-4 (2004) 062401   Periódicas
vol. 22, no. 1 (2005) 063320   Periódicas
vol. 22, no. 2 (2005) 063467   Periódicas
vol. 22, no. 3-4 (2005) 065630   Periódicas
vol. 23, no. 1 (2006) 065631   Periódicas
vol. 23, no. 2-3 (2006) 067405   Periódicas
vol. 23, no. 4 (2006) 068642   Periódicas
© CES, Consejo Económico y Social de España 2021